|
|
|
|
| LEADER |
00000nam a22000004a 4500 |
| 001 |
AR-BbUGT1343 |
| 003 |
AR-BbUGT |
| 005 |
20181220001535.0 |
| 007 |
ta |
| 008 |
061101t1963 |||ad |0|||0| d |
| 040 |
|
|
|a AR-BbUGT
|b spa
|c AR-BbUGT
|
| 082 |
0 |
4 |
|a 301.02
|
| 100 |
1 |
|
|a Riley, Matilda.
|
| 245 |
1 |
0 |
|a Sociological research /
|c Matilda Riley.
|
| 260 |
|
|
|a New York :
|b Brace & World,
|c 1963.
|
| 300 |
|
|
|a 2 v. :
|b il., diagrs., tablas
|
| 500 |
|
|
|a Contiene: v.1:A case approach.-v.2:Exercises and manual.
|
| 653 |
|
|
|a Sociología
|
| 942 |
|
|
|c BK
|h 301.02
|i R453
|m D
|2 ddc
|6 301_020000000000000_R453
|
| 942 |
|
|
|c BK
|h 301.02
|i R453
|m D
|2 ddc
|
| 999 |
|
|
|c 9171
|d 9171
|